Report of the Rajasthan-Madhya Bharat Jagir Enquiry Committee (Record no. 489960)

000 -LEADER
fixed length control field 00475cam a22001337a 4500
008 - FIXED-LENGTH DATA ELEMENTS--GENERAL INFORMATION
fixed length control field 180718b1950 xxu||||| |||| 00| 0 eng d
082 ## - DEWEY DECIMAL CLASSIFICATION NUMBER
Classification number Y15x5422 In2
100 ## - MAIN ENTRY--PERSONAL NAME
Personal name Jagir Enquiry Committee
245 ## - TITLE STATEMENT
Title Report of the Rajasthan-Madhya Bharat Jagir Enquiry Committee
Statement of responsibility, etc. by agir Enquiry Committee, Rajathan-Madhya Bharat.
260 ## - PUBLICATION, DISTRIBUTION, ETC.
Place of publication, distribution, etc. Delhi
Name of publisher, distributor, etc. The Manager of Publications
Date of publication, distribution, etc. 1950
300 ## - PHYSICAL DESCRIPTION
Extent 84+p.
500 ## - GENERAL NOTE
General note Chairman: C.S. Venkatachar
700 ## - ADDED ENTRY--PERSONAL NAME
Personal name Ventatachar, C.S. (Chairman)
Holdings
Withdrawn status Lost status Damaged status Not for loan Permanent Location Current Location Date acquired Full call number Barcode Date last seen Price effective from Koha item type
        Indian Institute of Public Administration Indian Institute of Public Administration 2018-08-04 Y15x5422 In2 G3774 2018-08-04 2018-08-04 G

Powered by Koha